Boundary disputes and how to resolve them (Record no. 92888)

MARC details
000 -LEADER
fixed length control field 00697cam a2200229 4500
008 - FIXED-LENGTH DATA ELEMENTS--GENERAL INFORMATION
fixed length control field 090401t1990 xxu||||| |||| 00| 0 eng d
020 ## - INTERNATIONAL STANDARD BOOK NUMBER
International Standard Book Number 085406463X
035 ## - SYSTEM CONTROL NUMBER
System control number (Sirsi) u51387
041 ## - LANGUAGE CODE
Language code of text/sound track or separate title eng
050 ## - LIBRARY OF CONGRESS CALL NUMBER
Classification number 346.410432
090 ## - LOCALLY ASSIGNED LC-TYPE CALL NUMBER (OCLC); LOCAL CALL NUMBER (RLIN)
Classification number (OCLC) (R) ; Classification number, CALL (RLIN) (NR) RICS 1990/77ABCD
100 ## - MAIN ENTRY--PERSONAL NAME
Personal name Anstey, John
245 ## - TITLE STATEMENT
Title Boundary disputes and how to resolve them
260 ## - PUBLICATION, DISTRIBUTION, ETC.
Place of publication, distribution, etc. London
Name of publisher, distributor, etc. Surveyors Publications
Date of publication, distribution, etc. 1990
300 ## - PHYSICAL DESCRIPTION
Extent 87p. ; 21cm.
350 ## - PRICE (NR) (BK AM CF MU VM SE) [OBSOLETE]
Price 7.5
520 ## - SUMMARY, ETC.
Summary, etc. SUPERSEDED: Replaced by 2nd edition (RICS 1998/2). Published on behalf of the Royal Institution of Chartered Surveyors .
650 ## - SUBJECT ADDED ENTRY--TOPICAL TERM
Topical term or geographic name entry element Boundary disputes
9 (RLIN) 6221
650 ## - SUBJECT ADDED ENTRY--TOPICAL TERM
Topical term or geographic name entry element Boundary disputes
9 (RLIN) 6221
942 ## - ADDED ENTRY ELEMENTS (KOHA)
Suppress in OPAC 0
948 ## - LOCAL PROCESSING INFORMATION (OCLC); SERIES PART DESIGNATOR (RLIN)
c (OCLC) 04/03/1997
Holdings
Withdrawn status Lost status Source of classification or shelving scheme Damaged status Not for loan Home library Current library Shelving location Date acquired Cost, normal purchase price Total Checkouts Full call number Barcode Date last seen Copy number Cost, replacement price Price effective from Koha item type
    Dewey Decimal Classification     London London RICS Boxes 14/09/1999 7.50   RICS 1990/77 30022712 06/08/2019 1 7.50 06/08/2019 Archive
    Dewey Decimal Classification     London London RICS Boxes 14/09/1999 7.50   RICS 1990/77 30031601 06/08/2019 2 7.50 06/08/2019 Reference material
    Dewey Decimal Classification     London London RICS Boxes 14/09/1999 7.50   RICS 1990/77 30031613 06/08/2019 4 7.50 06/08/2019 Book